WTA Finals 2016 - Singolare - Statistics

Statistiche generali
  • Questo quiz è stato fatto 3 volte
  • Il punteggio medio è 6 su 8
Statistiche sulle risposte
Nazione Risultato Tennista % Corretto
Polonia Semifinale Agnieszka Radwańska
100%
Germania Finale Angelique Kerber
100%
Spagna Round robin Garbiñe Muguruza
100%
Repubblica Ceca Round robin Karolína Plíšková
100%
Romania Round robin Simona Halep
100%
Slovacchia Campionessa Dominika Cibulková
50%
Stati Uniti Round robin Madison Keys
50%
Russia Semifinale Svetlana Kuznetsova
0%
Nessun quiz corrispondente trovato
Distribuzione punteggi
Percentuale di utenti per punteggio
Percentile per numero di risposta
I tuoi punteggi nel tempo
Non hai fatto questo quiz